<?xml version="1.0" encoding="UTF-8"?><?xml-stylesheet type="text/xsl" href="static/style.xsl"?><OAI-PMH xmlns="http://www.openarchives.org/OAI/2.0/" xmlns:xsi="http://www.w3.org/2001/XMLSchema-instance" xsi:schemaLocation="http://www.openarchives.org/OAI/2.0/ http://www.openarchives.org/OAI/2.0/OAI-PMH.xsd"><responseDate>2026-04-17T23:22:16Z</responseDate><request verb="GetRecord" identifier="oai:www.recercat.cat:2072/398284" metadataPrefix="marc">https://recercat.cat/oai/request</request><GetRecord><record><header><identifier>oai:recercat.cat:2072/398284</identifier><datestamp>2025-10-12T23:47:19Z</datestamp><setSpec>com_2072_98</setSpec><setSpec>col_2072_378192</setSpec></header><metadata><record xmlns="http://www.loc.gov/MARC21/slim" xmlns:dcterms="http://purl.org/dc/terms/" xmlns:xsi="http://www.w3.org/2001/XMLSchema-instance" xmlns:doc="http://www.lyncode.com/xoai" xsi:schemaLocation="http://www.loc.gov/MARC21/slim http://www.loc.gov/standards/marcxml/schema/MARC21slim.xsd">
   <leader>00925njm 22002777a 4500</leader>
   <datafield ind2=" " ind1=" " tag="042">
      <subfield code="a">dc</subfield>
   </datafield>
   <datafield ind2=" " ind1=" " tag="720">
      <subfield code="a">Gómez Navarro, Héctor</subfield>
      <subfield code="e">author</subfield>
   </datafield>
   <datafield ind2=" " ind1=" " tag="260">
      <subfield code="c">2012</subfield>
   </datafield>
   <datafield ind2=" " ind1=" " tag="520">
      <subfield code="a">En la narrativa del brasileño Jorge Amado (Bahía, 1912 - 2001) se advierte una evolución en la percepción del escritor respecto a las tradiciones religiosas del pueblo afrobrasileño. Amado, de etnia y cultura europeas, acepta en un primer momento la cosmovisión desacralizada y racionalista propia de Occidente, añadiendo el materialismo marxista. Conforme avanza su escritura y se afianza el contacto con el pueblo afrobrasileño, inicia un proceso de cambio en sus supuestos que desemboca en la aceptación de la cosmovisión mestiza candomblé. Esta progresión, nos permite reflexionar acerca de dos temas de gran importancia: el mestizaje intelectual y cultural y la toma de conciencia de la especificidad de la identidad latinoamericana.</subfield>
   </datafield>
   <datafield ind2=" " ind1=" " tag="520">
      <subfield code="a">In the narrative of Brazilian author Jorge Amado (Bahía, 1912- -2001) we notice an evolution in the writer's perception about the Afro-Brazilian religious traditions. Amado, European in an ethnic and cultural sense, accepts first the Western, desacralized and rationalist worldview, in addition to his Marxist materialist thought. As his writing progresses and he develops a contact with Afro-Brazilian people, it begins a process of change in his assumptions that ends up in the acceptance of Candomble mestizo worldview. Jorge Amado progression allows us to reflect on two important issues such a as intellectual and cultural miscegenation and the awareness of the specifity of Latin American identity.</subfield>
   </datafield>
   <datafield tag="653" ind2=" " ind1=" ">
      <subfield code="a">Literatura brasilera</subfield>
   </datafield>
   <datafield tag="653" ind2=" " ind1=" ">
      <subfield code="a">Segle XX</subfield>
   </datafield>
   <datafield tag="653" ind2=" " ind1=" ">
      <subfield code="a">Realisme màgic</subfield>
   </datafield>
   <datafield tag="653" ind2=" " ind1=" ">
      <subfield code="a">Literatura brasileña</subfield>
   </datafield>
   <datafield tag="653" ind2=" " ind1=" ">
      <subfield code="a">Siglo XX</subfield>
   </datafield>
   <datafield tag="653" ind2=" " ind1=" ">
      <subfield code="a">Jorge Amado</subfield>
   </datafield>
   <datafield tag="653" ind2=" " ind1=" ">
      <subfield code="a">Candomblé</subfield>
   </datafield>
   <datafield tag="653" ind2=" " ind1=" ">
      <subfield code="a">Realismo mágico</subfield>
   </datafield>
   <datafield tag="653" ind2=" " ind1=" ">
      <subfield code="a">Brazilian Literature</subfield>
   </datafield>
   <datafield tag="653" ind2=" " ind1=" ">
      <subfield code="a">XXth</subfield>
   </datafield>
   <datafield tag="653" ind2=" " ind1=" ">
      <subfield code="a">Candomble</subfield>
   </datafield>
   <datafield tag="653" ind2=" " ind1=" ">
      <subfield code="a">Magical realism</subfield>
   </datafield>
   <datafield ind2="0" ind1="0" tag="245">
      <subfield code="a">Entre Descartes y Yemanjá. La cuestión de verdad, la creencia y existencia de lo mágico en la narrativa de Jorge Amado</subfield>
   </datafield>
</record></metadata></record></GetRecord></OAI-PMH>